000 00775cam a22002293a 4500
001 22815
003 PGUSA
005 20140828083503.0
008 070930s2007||||xxu|||||s|||||000 | eng d
040 _aPGUSA
_beng
042 _adc
050 4 _aDS
100 1 _aForeman, John, F.R.G.S.
245 1 4 _aThe Philippine Islands :
_bA Political, Geographical, Ethnographical, Social and Commercial History of the Philippine Archipelago, Embracing the Whole Period of Spanish Rule
_h[electronic resource] /
_cJohn, F.R.G.S. Foreman
260 _bProject Gutenberg,
_c2007
506 _aPublic domain in the USA.
516 _aElectronic text
653 _aPhilippines
830 0 _aProject Gutenberg
_v22815
856 4 0 _uhttp://www.gutenberg.org/ebooks/22815
942 _cEB
999 _c252070
_d252070